000 00741cam a22002414a 4500
008
020 _a0073657956 (hbk.)
049 _aMAIN
090 0 _aBF121
_bPAS
100 1 _aPasser, Michael W.
245 1 0 _aPsychology :
_bfrontiers and applications /
_cMichael W. Passer, Ronald E. Smith.
260 _aBoston :
_bMcGraw-Hill,
_c2001.
300 _axxii, 703, [107] :
_bill. (some col.) ;
_c29 cm.
504 _aIncludes bibliographical references.
500 _aIncludes index.
650 0 _aPsychology
_vTextbooks.
700 1 _aSmith, Ronald Edward.
907 _a.b10245169
_b21-03-12
_c18-05-07
003
005 20230123134447.0
040 _cNUST
942 _cBOOKS
_kBF121
_mPAS
999 _c166295
_d166295